Balanç d'aigua i nutrients en una conca d'alzinar del Montseny / Anna Àvila i Castells
Descripción Física:
219 p. ; 23 cm
Colección:
Estudis i monografies ; 13
MARC
| LEADER | 00000nam a2200000Ia 4500 | ||
|---|---|---|---|
| 001 | 8429 | ||
| 008 | 160829s1989 xx 000 0 cat d | ||
| 080 | |a C-1-288 | ||
| 100 | |a Àvila i Castells, Anna |9 457 | ||
| 245 | |a Balanç d'aigua i nutrients en una conca d'alzinar del Montseny / Anna Àvila i Castells | ||
| 260 | |a Barcelona : |b Diputació de Barcelona, Servei del Medi Ambient, |c 1989 | ||
| 300 | |a 219 p. ; |c 23 cm | ||
| 490 | |a Estudis i monografies ; 13 | ||
| 590 | |a Presentat al premi Recerca Científica dels Premis de l'Any Europeu del Medi Ambient, del Servei de Medi Ambient, l'any 1987. | ||
| 590 | |a Núm. de full registral: 4671 | ||
| 650 | |a Ecosistemes |x Montseny |9 38977 | ||
| 650 | |a Aigua |x Composició |x Montseny |9 38978 | ||
| 651 | 0 | |a Montseny (Catalunya : Massís) |9 50902 | |
| 710 | 1 | |a Barcelona (Catalunya : Província). |b Servei de Medi Ambient |9 53475 | |
| 901 | |a Arxiu | ||
| 942 | |n 1 | ||
| 952 | |0 0 |1 0 |4 0 |6 C1288 |7 1 |9 48727 |a Arxiu |b Arxiu |d 2016-12-01 |l 0 |o C-1-288 |p 8429 |r 2016-12-01 00:00:00 |w 2016-12-01 |y ARXIU | ||
| 999 | |c 52558 |d 52558 | ||